000 00628nam a2200229 i 4500
001 128578
003 ES-MaACL
005 20250818075813.0
007 t|
008 070518s1973 sp ||||1| spa d
080 _a93
080 _a94(460)
100 1 _aTapia, Francisco Javier.
_9138937
245 1 0 _aHistoriadores sobre España /
_cFrancisco Xavier Tapia.
260 _aMadrid :
_bEditora Nacional,
_c[1973]
300 _a2 v. ;
_c21 cm.
650 1 4 _aTextos.
_917527
651 4 _aEspaña
_98159
852 _aES-MaACL
_jC-54787-8
_bR.87461
852 _aES-MaACL
_jC-56520-1
_bR.89258
999 _c128578
_d128578